<?xml version="1.0" encoding="UTF-8"?>
<record
    xmlns:xsi="http://www.w3.org/2001/XMLSchema-instance"
    xsi:schemaLocation="http://www.loc.gov/MARC21/slim http://www.loc.gov/standards/marcxml/schema/MARC21slim.xsd"
    xmlns="http://www.loc.gov/MARC21/slim">

  <leader>01937nam a22003137a 4500</leader>
  <controlfield tag="005">2010081007027.0</controlfield>
  <datafield tag="010" ind1=" " ind2=" ">
    <subfield code="a">ENG-99431  B-456329-333</subfield>
  </datafield>
  <datafield tag="020" ind1=" " ind2=" ">
    <subfield code="a">019806313x</subfield>
    <subfield code="c">495.00</subfield>
  </datafield>
  <datafield tag="020" ind1=" " ind2=" ">
    <subfield code="a">9780198063131</subfield>
    <subfield code="c">495.00</subfield>
  </datafield>
  <datafield tag="035" ind1=" " ind2=" ">
    <subfield code="a">EN-82963  B-456329-333</subfield>
  </datafield>
  <datafield tag="037" ind1=" " ind2=" ">
    <subfield code="b">DBAD/PUB</subfield>
  </datafield>
  <datafield tag="037" ind1=" " ind2=" ">
    <subfield code="b">RBC/Ven</subfield>
  </datafield>
  <datafield tag="082" ind1=" " ind2=" ">
    <subfield code="a">330.954</subfield>
  </datafield>
  <datafield tag="245" ind1=" " ind2=" ">
    <subfield code="a">The concise oxford companion to economics in India /</subfield>
    <subfield code="c">edited by Kushik Basu [and] Annemie Maertens </subfield>
  </datafield>
  <datafield tag="260" ind1=" " ind2=" ">
    <subfield code="a">New Delhi</subfield>
    <subfield code="b">Oxford University Press</subfield>
    <subfield code="c">2010</subfield>
  </datafield>
  <datafield tag="270" ind1=" " ind2=" ">
    <subfield code="a">YMCA Library Building, Jai Singh Road </subfield>
    <subfield code="b">New Delhi</subfield>
    <subfield code="e">110001</subfield>
  </datafield>
  <datafield tag="300" ind1=" " ind2=" ">
    <subfield code="a">x,617p.:</subfield>
    <subfield code="b">ill.</subfield>
    <subfield code="c">24cm (pbk)</subfield>
  </datafield>
  <datafield tag="650" ind1=" " ind2=" ">
    <subfield code="a">Economics</subfield>
    <subfield code="z">India</subfield>
    <subfield code="9">45216</subfield>
  </datafield>
  <datafield tag="700" ind1=" " ind2=" ">
    <subfield code="a">Basu, Kaushik</subfield>
    <subfield code="9">10266</subfield>
  </datafield>
  <datafield tag="700" ind1=" " ind2=" ">
    <subfield code="a">Maertens, Annemie</subfield>
    <subfield code="9">10267</subfield>
  </datafield>
  <datafield tag="942" ind1=" " ind2=" ">
    <subfield code="2">ddc</subfield>
    <subfield code="c">EN</subfield>
    <subfield code="h">330.954</subfield>
    <subfield code="m">CON</subfield>
  </datafield>
  <datafield tag="999" ind1=" " ind2=" ">
    <subfield code="c">40716</subfield>
    <subfield code="d">40716</subfield>
  </datafield>
  <datafield tag="952" ind1=" " ind2=" ">
    <subfield code="0">0</subfield>
    <subfield code="1">0</subfield>
    <subfield code="4">0</subfield>
    <subfield code="7">1</subfield>
    <subfield code="8">NFIC</subfield>
    <subfield code="a">DBAD</subfield>
    <subfield code="b">DBAD</subfield>
    <subfield code="d">2010-08-10</subfield>
    <subfield code="e">DBAD/PUB</subfield>
    <subfield code="g">495.00</subfield>
    <subfield code="l">0</subfield>
    <subfield code="o">330.954 CON</subfield>
    <subfield code="p">EN-82963</subfield>
    <subfield code="r">2010-08-10 00:00:00</subfield>
    <subfield code="t">1</subfield>
    <subfield code="v">495.00</subfield>
    <subfield code="y">EN</subfield>
  </datafield>
  <datafield tag="952" ind1=" " ind2=" ">
    <subfield code="0">0</subfield>
    <subfield code="1">0</subfield>
    <subfield code="4">0</subfield>
    <subfield code="7">0</subfield>
    <subfield code="8">NFIC</subfield>
    <subfield code="a">L</subfield>
    <subfield code="b">L</subfield>
    <subfield code="d">2012-04-17</subfield>
    <subfield code="e">RBC/27102/30.11.2011/07/15.09.2011/03.02.2012</subfield>
    <subfield code="g">495.00</subfield>
    <subfield code="l">2</subfield>
    <subfield code="m">4</subfield>
    <subfield code="o">330.954 CON</subfield>
    <subfield code="p">B-456329</subfield>
    <subfield code="r">2026-04-09 14:37:43</subfield>
    <subfield code="s">2026-02-25</subfield>
    <subfield code="t">1</subfield>
    <subfield code="v">495.00</subfield>
    <subfield code="w">2012-04-17</subfield>
    <subfield code="y">EN</subfield>
  </datafield>
  <datafield tag="952" ind1=" " ind2=" ">
    <subfield code="0">0</subfield>
    <subfield code="1">5</subfield>
    <subfield code="4">0</subfield>
    <subfield code="7">0</subfield>
    <subfield code="8">NFIC</subfield>
    <subfield code="a">BL1</subfield>
    <subfield code="b">BL1</subfield>
    <subfield code="d">2012-04-17</subfield>
    <subfield code="e">RBC/27102/30.11.2011/07/15.09.2011/03.02.2012</subfield>
    <subfield code="g">495.00</subfield>
    <subfield code="l">0</subfield>
    <subfield code="o">330.954 CON</subfield>
    <subfield code="p">B-456330</subfield>
    <subfield code="r">2012-04-17 00:00:00</subfield>
    <subfield code="t">1</subfield>
    <subfield code="v">495.00</subfield>
    <subfield code="y">EN</subfield>
  </datafield>
  <datafield tag="952" ind1=" " ind2=" ">
    <subfield code="0">0</subfield>
    <subfield code="1">5</subfield>
    <subfield code="4">0</subfield>
    <subfield code="7">0</subfield>
    <subfield code="8">NFIC</subfield>
    <subfield code="a">ZLS</subfield>
    <subfield code="b">ZLS</subfield>
    <subfield code="d">2012-04-17</subfield>
    <subfield code="e">RBC/27102/30.11.2011/07/15.09.2011/03.02.2012</subfield>
    <subfield code="g">495.00</subfield>
    <subfield code="l">0</subfield>
    <subfield code="o">330.954 CON</subfield>
    <subfield code="p">B-456331</subfield>
    <subfield code="r">2012-04-17 00:00:00</subfield>
    <subfield code="t">1</subfield>
    <subfield code="v">495.00</subfield>
    <subfield code="y">EN</subfield>
  </datafield>
  <datafield tag="952" ind1=" " ind2=" ">
    <subfield code="0">0</subfield>
    <subfield code="1">0</subfield>
    <subfield code="4">0</subfield>
    <subfield code="7">0</subfield>
    <subfield code="8">NFIC</subfield>
    <subfield code="a">BL3</subfield>
    <subfield code="b">BL3</subfield>
    <subfield code="d">2012-04-17</subfield>
    <subfield code="e">RBC/27102/30.11.2011/07/15.09.2011/03.02.2012</subfield>
    <subfield code="g">495.00</subfield>
    <subfield code="l">0</subfield>
    <subfield code="o">330.954 CON</subfield>
    <subfield code="p">B-456332</subfield>
    <subfield code="r">2012-04-17 00:00:00</subfield>
    <subfield code="t">1</subfield>
    <subfield code="v">495.00</subfield>
    <subfield code="w">2012-04-17</subfield>
    <subfield code="y">EN</subfield>
  </datafield>
  <datafield tag="952" ind1=" " ind2=" ">
    <subfield code="0">0</subfield>
    <subfield code="1">0</subfield>
    <subfield code="4">0</subfield>
    <subfield code="7">0</subfield>
    <subfield code="8">NFIC</subfield>
    <subfield code="a">BL4</subfield>
    <subfield code="b">BL4</subfield>
    <subfield code="d">2012-04-17</subfield>
    <subfield code="e">RBC/27102/30.11.2011/07/15.09.2011/03.02.2012</subfield>
    <subfield code="g">495.00</subfield>
    <subfield code="l">0</subfield>
    <subfield code="o">330.954 CON</subfield>
    <subfield code="p">B-456333</subfield>
    <subfield code="r">2012-04-17 00:00:00</subfield>
    <subfield code="t">1</subfield>
    <subfield code="v">495.00</subfield>
    <subfield code="w">2012-04-17</subfield>
    <subfield code="y">EN</subfield>
  </datafield>
</record>
